000 00789nam a2200289 a 4500
003 AR-BaBNM
005 20251128202800.0
008 082120s2002 ||||||||||||||000 | spa||
040 _cAR-BaBNM
100 1 _aGiusti, Roberto F.
245 0 0 _aMomentos y aspectos de la cultura argentina
260 _aBuenos Aires
_bRaigal
_c1954
300 _a126 p.
490 0 _aProblemas de la cultura en América
_vv. 2
650 4 _aLITERATURA ARGENTINA
650 4 _aHISTORIA LITERARIA
650 4 _aESTUDIOS CULTURALES
650 4 _aVIDA LITERARIA
650 4 _aBIOGRAFIAS
650 4 _aVIDA POLITICA
650 4 _aESCRITORES
651 4 _aBuenos Aires [Provincia]
655 _aLITERATURA
800 1 _aRodríguez Bustamante, Norberto
_edirector
942 _cBK
998 _cMARTIN
999 _c546
_d546